Explication sommaire de la carte géologique de l'Espagne / (Record no. 37534)

MARC details
000 -LEADER
campo de control de longitud fija 01373nam a2200313 i 4500
001 - NÚMERO DE CONTROL
campo de control 37534
003 - IDENTIFICADOR DE NÚMERO DE CONTROL
campo de control ES-MaACL
005 - FECHA Y HORA DE LA ÚLTIMA TRANSACCIÓN
campo de control 20250818063037.0
007 - CAMPO FIJO DE DESCRIPCIÓN FÍSICA--INFORMACIÓN GENERAL
campo de control de longitud fija t|
008 - DATOS DE LONGITUD FIJA--INFORMACIÓN GENERAL
campo de control de longitud fija 030317s1869 fr ||||1| fre d
080 ## - NÚMERO DE LA CLASIFICACIÓN DECIMAL UNIVERSAL
Número de la Clasificación Decimal Universal (460)
080 ## - NÚMERO DE LA CLASIFICACIÓN DECIMAL UNIVERSAL
Número de la Clasificación Decimal Universal (469)
100 1# - ENTRADA PRINCIPAL--NOMBRE DE PERSONA
Nombre de persona Verneuil, Édouard de,
Fechas asociadas al nombre 1805-1873
9 (RLIN) 114176
245 10 - MENCIÓN DEL TÍTULO
Título Explication sommaire de la carte géologique de l'Espagne /
Mención de responsabilidad, etc. par Ed. de Verneuil et Ed. Collomb.
246 3# - FORMA VARIANTE DEL TITULO
Título propio/Titulo breve Carte géologique de l'Espagne et du Portugal [
Medio Material cartográfico]
260 ## - PUBLICACIÓN, DISTRIBUCIÓN, ETC.
Lugar de publicación, distribución, etc. Paris :
Nombre del editor, distribuidor, etc. Savy,
Fecha de publicación, distribución, etc. 1869.
300 ## - DESCRIPCIÓN FÍSICA
Extensión 29 p., 1 h. pleg. de mapa col. ;
Dimensiones 21 cm.
300 ## - DESCRIPCIÓN FÍSICA
Extensión 1 mapa col. ;
Dimensiones 66 x 89 cm pleg. a 18 x 12 cm.
594 ## - Nota al título y mención de responsabilidad
Nota al título y mención de responsabilidad Colaboradores en la realización del mapa: Botella, Schulz, A. Maestre, Aranzazu y Bauzá...
650 #4 - PUNTO DE ACCESO ADICIONAL DE MATERIA--TÉRMINO DE MATERIA
Término de materia o nombre geográfico como elemento de entrada Geología-
Subdivisión geográfica España-
Subdivisión de forma Mapas.
9 (RLIN) 13090
650 #4 - PUNTO DE ACCESO ADICIONAL DE MATERIA--TÉRMINO DE MATERIA
Término de materia o nombre geográfico como elemento de entrada Geología-
Subdivisión geográfica Portugal-
Subdivisión de forma Mapas.
9 (RLIN) 170266
651 #4 - PUNTO DE ACCESO ADICIONAL DE MATERIA--NOMBRE GEOGRÁFICO
Nombre geográfico España-
Subdivisión de forma Mapas.
9 (RLIN) 138074
651 #4 - PUNTO DE ACCESO ADICIONAL DE MATERIA--NOMBRE GEOGRÁFICO
Nombre geográfico Portugal-
Subdivisión de forma Mapas.
9 (RLIN) 170265
700 1# - ENTRADA AGREGADA--NOMBRE PERSONAL
Nombre de persona Collomb, Edouard.
9 (RLIN) 39750
740 02 - ENTRADA AGREGADA--TÍTULO RELACIONADO/ANALÍTICO NO CONTROLADO
Título relacionado o analítico no controlado Carte géologique de l'Espagne et du Portugal.
852 4# - LOCALIZACIÓN
Ubicación ES-MaACL
Número de control de estantería T-148-F-2
Nota libre - Sin mapa
852 4# - LOCALIZACIÓN
Ubicación ES-MaACL
Número de control de estantería B-8308(9)
Nota libre Mapa al final del v.
-- - Enc. en un vol. facticio, con el nombre en el lomo: "España: geología, memorias y documentos varios I-X"
-- - Legado Federico de Botella y de Hornos
Holdings
Estatus retirado Estado de pérdida Estado de daño No para préstamo Colección Biblioteca de origen Biblioteca actual Ubicación en estantería Fecha de adquisición Fuente de adquisición Total de préstamos Signatura topográfica completa Código de barras Visto por última vez Precio de reemplazo Tipo de ítem Koha
        Libros del s. XIX Biblioteca del Ateneo de Madrid Biblioteca del Ateneo de Madrid Sala Pardo Bazán 17/01/2008     B-8308(9) 1039511 23/02/2023 23/02/2023 Libro impreso antiguo
        Colección de folletos Biblioteca del Ateneo de Madrid Biblioteca del Ateneo de Madrid Depósito 17/01/2008     T-148-F-2 1039510 23/02/2023 23/02/2023 Folleto